[Event "Let's Play Chess!"]
[Site "http://www.queenalice.com/game.php?id=765063"]
[Date "2010.4.23"]
[Round "-"]
[White "johnrbrown"]
[Black "Lesser"]
[Result "1-0"]
[WhiteElo "1930"]
[BlackElo "1912"]

1. d4 g6 2. Bg5 Bg7 3. Nc3 d6 4. e4 c6 5. Qd2 h6 6. Be3 Nf6 7. h3 Be6 8. Bd3 O-O
9. f4 b5 10. Nf3 Nh5 11. f5 Bd7 12. Bxh6 gxf5 13. Bxg7 Nxg7 14. Qh6 e6 15. Ng5
f6 16. Qh7# 1-0

[Event "Let's Play Chess!"]
[Site "http://www.queenalice.com/game.php?id=765064"]
[Date "2010.4.23"]
[Round "-"]
[White "Lesser"]
[Black "johnrbrown"]
[Result "1/2-1/2"]
[WhiteElo "1897"]
[BlackElo "1962"]

1. e4 e5 2. Nf3 Nc6 3. Bc4 Nf6 4. d3 Bc5 5. O-O a6 6. h3 d6 7. Bg5 h6 8. Bxf6
gxf6 9. Nc3 Rg8 10. Kh2 Be6 11. Nd5 b5 12. Bb3 Na5 13. Nh4 f5 14. Qh5 Kd7 15.
Nxf5 Rg5 16. Qxh6 Rg6 17. Qh7 Qg5 18. g4 Nxb3 19. axb3 Rf8 20. Rxa6 Bxf5 21. Qh5
Be6 22. Qxg5 Rxg5 23. Nf6+ Ke7 24. Nh7 Rfg8 25. Nxg5 Rxg5 26. Kg3 b4 27. f3 Bd4
28. c3 bxc3 29. bxc3 Bxc3 30. Ra7 Bd7 31. Rxc7 Bb4 32. h4 Rg8 33. h5 Bc5 34. Rb1
Rb8 35. f4 exf4+ 36. Kxf4 Bd4 37. Rc4 Be5+ 38. Kf3 Be6 39. Rc7+ Kf6 40. Rcc1
Rxb3 41. Rxb3 Bxb3 1/2-1/2

[Event "Let's Play Chess!"]
[Site "http://www.queenalice.com/game.php?id=766560"]
[Date "2010.4.26"]
[Round "-"]
[White "Lesser"]
[Black "Sphinxchess"]
[Result "1-0"]
[WhiteElo "1908"]
[BlackElo "1540"]

1. e4 e6 2. Nf3 d5 3. e5 c5 4. Bb5+ Bd7 5. Bxd7+ Nxd7 6. O-O Ne7 7. d4 cxd4 8.
Qxd4 Nc6 9. Qf4 Qc7 10. Ng5 Ncxe5 11. Nc3 1-0

[Event "Let's Play Chess!"]
[Site "http://www.queenalice.com/game.php?id=766817"]
[Date "2010.4.26"]
[Round "-"]
[White "igorjava"]
[Black "Lesser"]
[Result "0-1"]
[WhiteElo "1914"]
[BlackElo "1924"]

1. e4 e5 2. Nf3 Nc6 3. Bb5 Nge7 4. O-O a6 5. Ba4 b5 6. Bb3 h6 7. d4 d6 8. h3 Ng6
9. Qe2 Be7 10. dxe5 Ncxe5 11. c4 bxc4 12. Bxc4 Nxf3+ 13. Qxf3 O-O 14. Bd5 Rb8
15. b3 Bd7 16. Bb2 Nh4 17. Qg3 Bf6 18. Nc3 c6 19. Bc4 Be5 20. Qe3 Qf6 21. Rab1
Qg6 22. g3 Bxh3 23. Rfd1 Qg4 24. Be2 Qg6 25. Bf1 Bg4 26. Rdc1 Nf3+ 27. Kg2 h5
28. Be2 Nh4+ 29. Kh1 Qf6 30. Bxg4 hxg4 31. gxh4 Qxh4+ 32. Kg1 Qh2+ 33. Kf1 f5
34. exf5 Rxf5 35. Ne2 Rbf8 36. Bxe5 Rxe5 37. Qg3 Qh1+ 38. Qg1 Qh3+ 39. Ke1 Qf3
40. Rb2 d5 41. Rc3 Qxc3+ 42. Rd2 Qa1+ 43. Rd1 Qxa2 44. Qg3 Qxe2# 0-1

[Event "Let's Play Chess!"]
[Site "http://www.queenalice.com/game.php?id=766818"]
[Date "2010.4.26"]
[Round "-"]
[White "Lesser"]
[Black "igorjava"]
[Result "1-0"]
[WhiteElo "1920"]
[BlackElo "1930"]

1. e4 c5 2. Nf3 d6 3. Bc4 Bg4 4. h3 Bh5 5. g4 Bg6 6. d3 a6 7. Nc3 e6 8. h4 h5 9.
g5 Nc6 10. Be3 b5 11. Bb3 Na5 12. a3 Nxb3 13. cxb3 Ne7 14. b4 cxb4 15. axb4 Nc6
16. Qb3 Be7 17. Nd4 Qc7 18. Ke2 O-O 19. Rhc1 Nxd4+ 20. Bxd4 Qd7 21. f4 f5 22. e5
Rfd8 23. Nd1 Bf7 24. Nf2 d5 25. Bc5 Qb7 26. d4 g6 27. Nd3 Be8 28. Qc3 Rdc8 29.
Qd2 Bc6 30. Rc3 Bd8 31. Nc1 a5 32. Rb3 axb4 33. Rxa8 Rxa8 34. Rxb4 Ba5 35. Nb3
Bxb4 36. Bxb4 Kf7 37. Qc3 Qa6 38. Na5 Rc8 39. Qc5 Ba8 40. Qe7+ Kg8 41. Kd3 Qb6
42. Qf6 Qc7 43. Qxg6+ Qg7 44. Qxe6+ Qf7 45. Qxc8+ 1-0

[Event "j01"]
[Site "http://www.queenalice.com/game.php?id=770504"]
[Date "2010.5.4"]
[Round "-"]
[White "Lesser"]
[Black "GridKnit"]
[Result "0-1"]
[WhiteElo "1906"]
[BlackElo "2078"]

1. e4 c6 2. Nf3 d5 3. e5 Bg4 4. Be2 e6 5. d4 Nd7 6. h3 Bxf3 7. Bxf3 Ne7 8. Bg5
Qa5+ 9. c3 Ng6 10. O-O h6 11. Bd2 Qb6 12. Qc2 Be7 13. a3 Nh4 14. Bg4 h5 15. Be2
O-O-O 16. b4 g5 17. a4 Rdg8 18. a5 Qd8 19. c4 Nf5 20. Qd3 g4 21. hxg4 hxg4 22.
b5 cxb5 23. cxb5 Kb8 24. Nc3 Bb4 25. b6 Qh4 26. f4 g3 27. bxa7+ Ka8 28. Qxg3
Nxg3 29. Bf3 Qh1+ 30. Kf2 Nxf1 31. Rxf1 Qh4+ 32. Ke3 Bxc3 33. Bxc3 Rc8 34. Be1
Qe7 35. Kf2 Rc2+ 36. Kg1 f5 37. Bf2 Qh7 0-1

[Event "j02"]
[Site "http://www.queenalice.com/game.php?id=770505"]
[Date "2010.5.4"]
[Round "-"]
[White "Mannu"]
[Black "Lesser"]
[Result "1-0"]
[WhiteElo "1988"]
[BlackElo "1910"]

1. b4 d5 2. Bb2 Bf5 3. d3 e6 4. Nd2 Bxb4 5. Bxg7 f6 6. Bxh8 Nh6 7. e3 Bg6 8. Rb1
Nc6 9. Bg7 Nf5 10. Bf8 Kxf8 11. Be2 Nh4 12. Bf3 e5 13. Kf1 f5 14. Be2 b6 15. g3
Bxd2 16. Qxd2 f4 17. gxh4 fxe3 18. fxe3 Qxh4 19. Nf3 Qf6 20. Ke1 Ke7 21. Rf1 e4
22. dxe4 Bxe4 23. Nd4 Qh4+ 24. Kd1 Ne5 25. Nf5+ Bxf5 26. Rxf5 Ke6 27. Rb4 Qxh2
28. Rbf4 Qh1+ 29. Rf1 Qe4 30. Qd4 Qxd4+ 31. exd4 Ng6 32. Rf6+ Kd7 33. Rf7+ Kc6
34. Rxh7 Kb7 35. Rff7 Rg8 36. Rxc7+ Kb8 37. Bg4 Nf4 38. Rb7+ Ka8 39. Rxa7+ Kb8
40. Rhb7# 1-0

[Event "Let's Play Chess!"]
[Site "http://www.queenalice.com/game.php?id=772135"]
[Date "2010.5.7"]
[Round "-"]
[White "Lesser"]
[Black "GridKnit"]
[Result "1/2-1/2"]
[WhiteElo "1896"]
[BlackElo "2134"]

1. e4 d6 2. d4 Nf6 3. Nc3 Nbd7 4. Bg5 g6 5. Bc4 Bg7 6. e5 dxe5 7. dxe5 Nxe5 8.
Qxd8+ Kxd8 9. O-O-O+ Bd7 10. Bb3 c6 11. f4 Neg4 12. Bh4 Ke8 13. Nf3 Ne3 14. Rd2
e6 15. Ne5 Ned5 16. Bxd5 Nxd5 17. Nxd5 exd5 18. Re1 Be6 19. g4 Bxe5 20. Rxe5 Kf8
21. f5 Bd7 22. Re7 Be8 23. Rxb7 Kg7 24. f6+ Kh6 25. Re2 g5 26. Bg3 Kg6 27. a3 h5
28. gxh5+ Rxh5 29. Rf2 c5 30. Re7 a6 31. Bd6 c4 32. Re5 Bc6 33. Be7 Rah8 34. Rg2
Bd7 35. h4 Bf5 36. hxg5 Rxg5 37. Rxg5+ Kxg5 38. Rxd5 Rh1+ 39. Kd2 Rh2+ 40. Kd1
Rh1+ 41. Kd2 1/2-1/2

[Event "Let's Play Chess!"]
[Site "http://www.queenalice.com/game.php?id=772136"]
[Date "2010.5.7"]
[Round "-"]
[White "luiz090392"]
[Black "Lesser"]
[Result "0-1"]
[WhiteElo "1508"]
[BlackElo "1897"]

1. e4 e5 2. Nf3 Nc6 3. d4 exd4 4. Nxd4 Nxd4 5. Qxd4 Qf6 6. Qxf6 Nxf6 7. Bd3 Bc5
8. h3 h6 9. O-O O-O 10. Re1 b6 11. Nc3 Bb7 12. Be3 Bxe3 13. Rxe3 d6 14. e5 dxe5
15. Rxe5 Rae8 16. Rae1 Rxe5 17. Rxe5 Re8 18. Rxe8+ Nxe8 19. Nb5 a5 20. a4 Kf8
21. f4 c6 22. Nd4 Nf6 23. c3 Nd5 24. g3 g6 25. Kf2 Ke7 26. Kf3 c5 27. Nb5 Nxc3+
28. Ke3 Nxa4 0-1

[Event "Let's Play Chess!"]
[Site "http://www.queenalice.com/game.php?id=777793"]
[Date "2010.5.19"]
[Round "-"]
[White "bienopia"]
[Black "Lesser"]
[Result "0-1"]
[WhiteElo "1879"]
[BlackElo "1903"]

1. d4 g6 2. e4 Bg7 3. e5 e6 4. f4 d6 5. Be3 dxe5 6. fxe5 Nc6 7. Bb5 Bd7 8. a3
Nge7 9. Nc3 O-O 10. Qd2 Nf5 11. Bf4 Ncxd4 12. Bxd7 Qxd7 13. O-O-O b5 14. g4 Rad8
15. gxf5 c5 16. Bh6 Bxh6 17. Qxh6 exf5 18. Kb1 Qe6 19. Re1 b4 20. axb4 cxb4 21.
Na4 Rc8 22. Qd2 Nxc2 23. Re2 Qc6 24. Qxc2 Qxh1 25. Qd1 Qc6 26. b3 Rfd8 27. Qe1
Rd3 28. Kb2 a5 29. Qb1 Qd5 30. Ka2 Re8 31. h4 Qd4 32. h5 Rg3 33. Re1 Rg2+ 34.
Nb2 a4 35. bxa4 Ra8 36. Kb3 Qc3+ 0-1

[Event "Let's Play Chess!"]
[Site "http://www.queenalice.com/game.php?id=777794"]
[Date "2010.5.19"]
[Round "-"]
[White "Lesser"]
[Black "bienopia"]
[Result "0-1"]
[WhiteElo "1940"]
[BlackElo "1842"]

1. e4 a6 2. d4 h6 3. Bc4 c6 4. Nf3 d5 5. exd5 cxd5 6. Bb3 Bg4 7. h3 Bh5 8. Bf4
Nc6 9. Nbd2 e6 10. O-O Nxd4 11. c3 Nxf3+ 12. Nxf3 Nf6 13. Qd3 Bc5 14. Bc2 Ne4
15. c4 Qb6 16. Be3 Bxe3 17. fxe3 Ng3 18. Rfe1 Bg6 19. Qc3 Bxc2 20. Qxc2 Rc8 21.
Qa4+ Qc6 22. Qxc6+ bxc6 23. cxd5 cxd5 24. Rac1 O-O 25. Kh2 Ne4 26. Nd4 Rxc1 27.
Rxc1 Rb8 28. b3 Kh7 29. Rc7 Kg6 30. Ra7 Rb6 31. a4 e5 32. Nf3 f6 33. a5 Rd6 34.
b4 Nc3 35. Nh4+ Kg5 36. g3 g6 37. Nf3+ Kf5 38. Kg2 g5 39. Kf2 Nb5 40. Rg7 h5 41.
Nd2 e4 42. Nb3 d4 43. exd4 Nxd4 44. Nc5 Nb5 45. Re7 Nc3 46. Ke3 Nd5+ 47. Kf2
Nxb4 48. Rxe4 Nd3+ 49. Ke3 Nxc5 50. Rc4 Nb3 51. h4 Nxa5 52. Rc5+ Kg6 53. Rxa5
Rb6 54. hxg5 fxg5 55. Kf3 Rf6+ 56. Ke4 h4 57. gxh4 gxh4 58. Ra3 Kg5 59. Ke5 Rf5+
60. Ke4 a5 61. Ke3 h3 62. Ke4 Rf4+ 63. Ke5 Rf5+ 64. Ke4 Kg4 65. Ra2 Rh5 66. Ke3
h2 67. Rxh2 Rxh2 0-1

[Event "leking"]
[Site "http://www.queenalice.com/game.php?id=777876"]
[Date "2010.5.19"]
[Round "-"]
[White "leking"]
[Black "Lesser"]
[Result "0-1"]
[WhiteElo "1641"]
[BlackElo "1900"]

1. e4 e5 2. Nf3 Nc6 3. d4 exd4 4. Nxd4 Nxd4 5. Qxd4 d6 6. Nc3 Be6 7. Bd3 Nf6 8.
O-O c5 9. Qe3 Ng4 10. Qe2 Qc7 11. h3 Ne5 12. Nd5 Bxd5 13. exd5 Be7 14. Be4 O-O
15. b3 Qd7 16. Bb2 f5 17. Bd3 f4 18. Qe4 g6 19. Bxe5 dxe5 20. Qxe5 Bf6 21. Qe2
Bxa1 22. Rxa1 Rae8 23. Qf3 a6 24. c4 Qg7 25. Be4 Qxa1+ 0-1

[Event "Desafio Debby&Lóide!"]
[Site "http://www.queenalice.com/game.php?id=777877"]
[Date "2010.5.19"]
[Round "-"]
[White "ReiNato"]
[Black "Lesser"]
[Result "0-1"]
[WhiteElo "1719"]
[BlackElo "1894"]

1. e4 e5 2. Nf3 Nc6 3. Bc4 Bc5 4. O-O Nf6 5. c3 Nxe4 6. d4 exd4 7. cxd4 Bb6 8.
Qe2 d5 9. Bb5 Bd7 10. Bxc6 Bxc6 11. Nc3 a6 12. Ne5 Bb5 13. Nxb5 axb5 14. Qf3 O-O
15. Be3 Qe7 16. b3 c5 17. Rfd1 cxd4 18. Bf4 f6 19. Nd3 Rac8 20. Rac1 Qe6 21.
Rxc8 Rxc8 22. Bg3 Ng5 23. Qh5 Qf7 24. Qg4 Rd8 25. h4 Ne4 26. f3 Nc3 27. Rd2 Qe7
28. Nf4 Qe3+ 29. Rf2 d3 30. Qe6+ Qxe6 31. Nxe6 Re8 32. Nf4 Bxf2+ 33. Bxf2 d2 34.
Kh2 d1=Q 35. a4 Ne2 36. Nxe2 Rxe2 37. Kg3 Qf1 38. Bc5 Qxg2+ 39. Kf4 g5+ 40. hxg5
Qxg5# 0-1

[Event "leking"]
[Site "http://www.queenalice.com/game.php?id=777878"]
[Date "2010.5.19"]
[Round "-"]
[White "Lesser"]
[Black "leking"]
[Result "1-0"]
[WhiteElo "1887"]
[BlackElo "1662"]

1. e4 e5 2. Nf3 Nc6 3. Bb5 a6 4. Bxc6 dxc6 5. Nc3 f6 6. d3 Bb4 7. Bd2 Ne7 8. a3
Ba5 9. O-O O-O 10. Na4 Bb6 11. Nxb6 cxb6 12. Be3 c5 13. b4 Bg4 14. bxc5 b5 15.
h3 Bh5 16. g4 Be8 17. Kh2 Nc6 18. Qd2 Qa5 19. Qe2 Rd8 20. Nh4 Bd7 21. f4 Ne7 22.
Bd2 Qc7 23. f5 Qxc5 24. Be3 Qc8 25. Nf3 Kh8 26. h4 Bc6 27. h5 h6 28. Qd2 Bxe4
29. Bxh6 Rf7 30. Nh4 Qd7 31. Be3 Qe8 32. Qe2 Bd5 33. Kg3 Rf8 34. Ng6+ Nxg6 35.
hxg6 e4 36. Qh2+ 1-0

[Event "Let's Play Chess!"]
[Site "http://www.queenalice.com/game.php?id=783691"]
[Date "2010.6.1"]
[Round "-"]
[White "Killersugus"]
[Black "Lesser"]
[Result "1-0"]
[WhiteElo "2027"]
[BlackElo "1918"]

1. d4 g6 2. Nf3 Bg7 3. Bf4 d6 4. e3 Nf6 5. h3 O-O 6. Be2 Nc6 7. O-O Bf5 8. Nbd2
Qd7 9. Re1 Nb4 10. Rc1 Qa4 11. c3 Qxd1 12. Rexd1 Nc6 13. a3 Nh5 14. Bh2 Bd7 15.
b4 a5 16. b5 Na7 17. a4 c6 18. c4 d5 19. bxc6 bxc6 20. c5 e6 21. Rb1 Rab8 22.
Bxb8 Nc8 23. Rb7 Be8 24. Rdb1 Bf6 25. g4 Ng7 26. e4 h5 27. e5 Bd8 28. Bd6 Be7
29. Bxe7 Nxe7 30. Rxe7 hxg4 31. hxg4 f5 32. Rbb7 Rf7 33. Rxf7 Bxf7 34. Ng5 Be8
35. Rxg7+ Kxg7 36. Nxe6+ Kh6 37. g5+ Kh7 38. Nb3 1-0

[Event "Chess black inspiration!!!"]
[Site "http://www.queenalice.com/game.php?id=789518"]
[Date "2010.6.14"]
[Round "-"]
[White "Lesser"]
[Black "KasparovPadawan"]
[Result "1-0"]
[WhiteElo "1906"]
[BlackElo "1948"]

1. e4 e5 2. Nf3 d6 3. Bc4 h6 4. O-O Bg4 5. d3 Nf6 6. h3 Bxf3 7. Qxf3 Nc6 8. Be3
Na5 9. Na3 d5 10. exd5 Bxa3 11. bxa3 Nxc4 12. dxc4 O-O 13. Qg3 Kh8 14. Qxe5 Re8
15. Qc3 Qd6 16. Rad1 Red8 17. Rfe1 a6 18. Qd4 Rac8 19. Bf4 Qb6 20. c5 Qb5 21. a4
Qd7 22. d6 Qf5 23. Re7 Kg8 24. d7 Nxd7 25. Rxd7 Rxd7 26. Qxd7 Rf8 27. Qxf5 1-0

[Event "Chess white inspiration!!!"]
[Site "http://www.queenalice.com/game.php?id=789519"]
[Date "2010.6.14"]
[Round "-"]
[White "KasparovPadawan"]
[Black "Lesser"]
[Result "0-1"]
[WhiteElo "1942"]
[BlackElo "1936"]

1. e4 e5 2. Nf3 Nc6 3. Bc4 h6 4. O-O Nf6 5. Nc3 Bc5 6. Nxe5 Nxe5 7. Bb3 Bb6 8.
d4 Nc6 9. Be3 O-O 10. Qd2 d6 11. a4 a6 12. d5 Bxe3 13. Qxe3 Ne5 14. f4 Neg4 15.
Qd3 Nh5 16. h3 Ngf6 17. Rae1 Nh7 18. Qf3 Qh4 19. Kh2 N5f6 20. Ne2 Nh5 21. c4
N7f6 22. Nc3 Ng4+ 23. Kg1 Ngf6 24. Re3 Nh7 25. Bd1 g6 26. Kh2 Bd7 27. f5 Ng5 28.
Qe2 Nf4 29. Qg4 Qxg4 30. Bxg4 Nh5 31. Bxh5 gxh5 32. Rg3 Kh8 33. Rf4 Nh7 34. Re3
f6 35. a5 Rg8 36. Ne2 Rg5 37. Rh4 Rag8 38. Rg3 c6 39. Rxg5 hxg5 40. Rxh5 cxd5
41. cxd5 Kg7 42. h4 Be8 43. Rxh7+ Kxh7 44. hxg5 Rxg5 0-1

[Event "Quênia"]
[Site "http://www.queenalice.com/game.php?id=790197"]
[Date "2010.6.15"]
[Round "-"]
[White "Lesser"]
[Black "lafasouza"]
[Result "1-0"]
[WhiteElo "1906"]
[BlackElo "1799"]

1. e4 e5 2. Nf3 Nc6 3. Bc4 h6 4. Nc3 g5 5. d4 f6 6. dxe5 Nxe5 7. Nxe5 h5 8. Qd5
Qe7 9. Ng6 c6 10. Qd3 Qg7 11. Nxh8 Qxh8 12. O-O g4 13. e5 b5 14. Qg6+ Kd8 15.
Bxg8 b4 16. Ne4 Ba6 17. Rd1 Qg7 18. Qxf6+ Qxf6 19. exf6 Bc4 20. Bxc4 Kc7 21.
Bf4+ d6 22. Nxd6 Bxd6 23. Bxd6+ Kb6 24. f7 Ka5 25. b3 Rf8 26. Bc7# 1-0

[Event "Let's Play Chess!"]
[Site "http://www.queenalice.com/game.php?id=790213"]
[Date "2010.6.15"]
[Round "-"]
[White "Xmen"]
[Black "Lesser"]
[Result "1-0"]
[WhiteElo "1772"]
[BlackElo "1918"]

1. c4 e5 2. g3 d5 3. cxd5 Qxd5 4. f3 Bb4 5. e4 Qc5 6. a3 Ba5 7. b4 Bxb4 8. axb4
Qxb4 9. Qa4+ Qxa4 10. Rxa4 Bd7 11. Rb4 b6 12. Bb2 f6 13. Nc3 Ne7 14. Nb5 Bxb5
15. Bxb5+ c6 16. Bc4 Nd7 17. d4 a5 18. Rb3 b5 19. Be6 exd4 20. Bxd7+ Kxd7 21.
Bxd4 a4 22. Rd3 Ke6 23. g4 Rhc8 24. Ne2 c5 25. Nf4+ Kf7 26. Bc3 b4 27. Ba1 c4
28. Rd2 b3 29. Bc3 a3 30. O-O b2 31. Bxb2 axb2 32. Rxb2 c3 33. Rc2 Rab8 34. Rfc1
Rb3 35. Ne2 g6 36. Rxc3 Rbxc3 37. Rxc3 Rxc3 38. Nxc3 Ke6 39. Kg2 Ke5 40. Kg3 g5
41. h4 1-0

[Event "Challenge"]
[Site "http://www.queenalice.com/game.php?id=809431"]
[Date "2010.7.27"]
[Round "-"]
[White "pinnive"]
[Black "Lesser"]
[Result "0-1"]
[WhiteElo "1764"]
[BlackElo "1961"]

1. e4 e5 2. Nf3 Nc6 3. Bb5 Nd4 4. Nxd4 exd4 5. O-O c6 6. Bc4 Bd6 7. e5 Bxe5 8.
Re1 Qf6 9. d3 Ne7 10. f4 Bxf4 11. Rf1 g5 12. g3 d5 13. Bb3 Qe5 14. gxf4 gxf4 15.
Bxf4 Qg7+ 16. Kh1 Bh3 17. Rg1 Qf6 18. Bg3 O-O-O 19. Nd2 Nf5 20. Qf3 Rde8 21. Qf4
Nxg3+ 22. Qxg3 Qf5 23. Qf3 Qd7 24. Rg3 Re3 25. Qf4 Re2 26. Nf3 Rhe8 27. Ng1 R2e3
28. Nxh3 Qe6 29. Qg4 Qxg4 30. Rxg4 Rxh3 31. Rg7 Re2 32. Rg2 Re5 33. Rf1 f5 34.
Rgf2 Rh5 35. c4 dxc4 36. Bxc4 b5 37. Bf7 Rg5 38. Rxf5 Rgxf5 39. Rxf5 Re1+ 40.
Kg2 Re2+ 41. Rf2 Re3 42. Rd2 Kd7 43. Bg8 h5 44. Bh7 Kd6 45. Kf2 Rh3 46. Kg2 Re3
47. Rf2 h4 48. b4 c5 49. bxc5+ Kxc5 50. Kf1 a5 51. Rf4 h3 52. Kf2 a4 53. Rf3
Rxf3+ 54. Kxf3 b4 55. Bg8 Kb5 56. Bc4+ Kc5 57. Kg3 Kd6 58. Kxh3 Ke5 0-1

[Event "Care for a game?"]
[Site "http://www.queenalice.com/game.php?id=882606"]
[Date "2011.1.7"]
[Round "-"]
[White "Fafner"]
[Black "Lesser"]
[Result "1-0"]
[WhiteElo "2034"]
[BlackElo "1969"]

1. e4 e5 2. f4 Qh4+ 3. g3 Qf6 4. d3 Bd6 5. f5 h6 6. Nc3 Bb4 7. Bd2 Nc6 8. Nf3
Nge7 9. Bg2 d5 10. Nb5 Bxd2+ 11. Qxd2 O-O 12. Nxc7 Rb8 13. Nb5 dxe4 14. dxe4 b6
15. O-O Ba6 16. a4 Na5 17. Rfd1 Bxb5 18. axb5 Rbc8 19. Qd7 Ra8 20. Rd6 Rad8 21.
Qxd8 Rxd8 22. Rxd8+ Kh7 23. Rad1 g6 24. R1d6 Qg7 25. f6 Qxf6 26. Rxf6 Kg7 27.
Rfd6 Nc4 28. R6d7 Ng8 29. Rxa7 Nf6 30. Rc8 Nd6 31. Nxe5 g5 32. Nxf7 Nxf7 33. e5
Ng4 34. e6 1-0

[Event "Care for a game? "]
[Site "http://www.queenalice.com/game.php?id=882607"]
[Date "2011.1.7"]
[Round "-"]
[White "Lesser"]
[Black "Fafner"]
[Result "0-1"]
[WhiteElo "1956"]
[BlackElo "2057"]

1. e4 c6 2. Nf3 d5 3. exd5 cxd5 4. d4 Nc6 5. Bb5 Bg4 6. c3 Qb6 7. a4 e6 8. Qd3
Bf5 9. Qe3 Bd6 10. Qg5 Bg6 11. Bf4 h6 12. Qg3 Bxf4 13. Qxf4 Ne7 14. b4 Rc8 15.
O-O O-O 16. Nbd2 Qc7 17. Qg4 Bf5 18. Qh5 Ng6 19. Nh4 Nxh4 20. Qxh4 Ne7 21. Rac1
Ng6 22. Qg3 a6 23. Qxc7 Rxc7 24. Be2 Rfc8 25. c4 dxc4 26. Rxc4 Ne7 27. Rfc1 Rxc4
28. Rxc4 Rxc4 29. Nxc4 Nc6 30. b5 Nxd4 31. Kf1 axb5 32. axb5 Nxb5 33. Ne3 Nd4
34. h3 Be4 35. f3 Nxe2 36. Kxe2 Bc6 37. Kd3 Kf8 38. Kd4 Ke7 39. f4 Kd6 40. g3
Bd5 41. h4 b5 42. Nc2 f6 43. Nb4 e5+ 0-1